000 01244nam a2200229Ia 4500
003 Ost
005 20260507075042.0
008 260507s9999||||xx |||||||||||||| ||und||
040 _cfsecg
041 _aara
082 _a330
100 _aقاسم، مسعد عبد الرحمان زيدان
_eمؤلف
245 0 _aتدخل الأمم المتحدة في النزاعات المسلحة غير ذات الطابع الدولي /
_c مسعد عبد الرحمان زيدان قاسم
260 _aالاسكندرية:
_bدار الجامعة الجديدة للنشر,
_c2003
300 _a735 صفحة؛
_c24 سم
490 _aالمكتبة القانونية
504 _aببلوغرافيا ص.671
520 _aماهية وصور تدخل الأمم المتحدة في النزاعات المسلحة غير ذات الطابع الدولي، أسس تدخل الأمم المتحدة في النزاعات المسلحة غير ذات الطابع الدولي، المعوقات التي تواجه تدخل الأمم المتحدة في النزاعات المسلحة غير ذات الطابع الدولي
653 _aالأمم المتحدة
653 _aالنزاعات الدولية
942 _cكتاب
999 _c42529
_d42529